MARC

LEADER 00000nam0a2200000 4500
001 149867
005 20231031150036.0
020 |a RU  |b 88-22578 
035 |a (RuTPU)RU\TPU\book\162477 
090 |a 149867 
100 |a 20081223d1988 m y0rusy5003 ca 
101 0 |a rus 
102 |a RU 
105 |a a z 000ay 
200 1 |a Я жажду  |e роман, повесть, рассказ  |f А. А. Солоницын  |g худож. В. К. Конев 
210 |a Куйбышев  |c Куйбышевское книжное издательство  |d 1988 
215 |a 381,[2] с.  |c ил.  |d 21 см 
600 1 |a Достоевский  |g Федор Михайлович  |f 1821-1881  |c русский писатель  |b Ф. М.  |2 stltpush  |3 (RuTPU)RU\TPU\pers\1038 
610 1 |a советская литература 
610 1 |a романы 
610 1 |a повести 
610 1 |a рассказы 
675 |a Р2  |z rus 
700 1 |a Солоницын  |b А. А.  |g Алексей Алексеевич  |4 070 
702 1 |a Конев  |b В. К.  |4 440 
801 0 |a RU  |b RuMRKP  |c 19950417  |g psbo 
801 1 |a RU  |b 63413507  |c 20081223  |g PSBO 
801 2 |a RU  |b 63413507  |c 20081223  |g PSBO 
942 |c BK